000 01048pam a2200301 a 4500
999 _c2543
_d2543
001 2504318
003 GZU
005 20201103120753.0
008 920526s1992 mau b 001 0 eng
010 _a 92020761
020 _a1555531458 (pbk. : alk. paper) :
040 _aDLC
_cDLC
_dDLC
043 _an-us---
050 0 0 _aHQ536.R454
_b THO1992
082 0 0 _a306.85/0973
_220
245 0 0 _aRethinking the family :
_bsome feminist questions /
_cedited by Barrie Thorne with Marilyn Yalom.
250 _aRev. ed.
260 _aBoston :
_bNortheastern University Press,
_cc1992.
300 _axi, 316 p. ;
_c23 cm.
504 _aIncludes bibliographical references and index.
650 0 _aFamilies
_zUnited States.
650 0 _aFeminism
_zUnited States.
700 1 _aThorne, Barrie.
700 1 _aYalom, Marilyn.
906 _a7
_bcbc
_corignew
_d1
_eocip
_f19
_gy-gencatlg
942 _cBK
_eRevised
_h536.R454
_iTHO
_kHQ